| 000 | 00343nam a22001337a 4500 | ||
|---|---|---|---|
| 008 | 170712b xxu||||| |||| 00| 0 eng d | ||
| 020 | _a9780781776189 | ||
| 041 | _aeng | ||
| 080 |
_26 ED _a038 |
||
| 100 | _a26 | ||
| 101 | _aFJA | ||
| 245 |
_aSTEDMANS MEDICAL DICTIONARY HEALTH PROFESSIONS AND NURSING _cKLUVER.W |
||
| 942 |
_2udc _cBK |
||
| 999 |
_c20312 _d20312 |
||